| 000 | 00626cam a2200205Ia 4500 | ||
|---|---|---|---|
| 020 | _a9211201381 | ||
| 040 | _cUIU | ||
| 082 | _a631 UNI 2002 A053 Co. | ||
| 245 | 0 | 0 |
_aOrganic agriculture and rural poverty alleviation : _bpotential and best practices in Asia / |
| 260 |
_aNew York : _bUnited Nations, _c2002 |
||
| 300 |
_ax, 217 p. : _bill. ; _c29 cm |
||
| 500 | _a"RDS/PUB/2002/1"--T.p. verso | ||
| 500 | _a"Sales No. E.03.II.F.3"--P. [4] of cover | ||
| 650 | 0 | _aOrganic farming | |
| 650 | 0 | _aOrganic farming | |
| 650 | 0 | _aRural development | |
| 650 | 0 | _aRural development | |
| 710 | 2 | _aUnited Nations. | |
| 942 | _cEK | ||
| 999 |
_c14950 _d14950 |
||